| 000 | 00987nam a22002897a 4500 | ||
|---|---|---|---|
| 001 | 6072 | ||
| 003 | FISKH | ||
| 005 | 20250307132556.0 | ||
| 008 | 250306b cb ||||| |||| 00| 0 eng d | ||
| 020 | _a9780679803713 | ||
| 040 |
_aFISKH _beng _cFISKH _dFISKH |
||
| 050 | _aPZ7.M36353 T | ||
| 082 | _a741.5942 | ||
| 100 |
_aWells, H.G _d(1866–1946) |
||
| 245 |
_aThe time machine / _cby H.G. Wells ; Adapted by Lea Martin ; Ilustrated by John Edena |
||
| 250 | _aThis edition first published in 1990 | ||
| 260 |
_aNew York : _bA Stepping, _c1990. |
||
| 300 |
_a93 pages : _billustrations ; _c20 cm |
||
| 505 | _aZ | ||
| 520 | _aA scientist invents a time machine and uses it to travel to the year 802,701 A.D., where he discovers the childlike Eloi and the hideous underground Morlocks. | ||
| 521 | 8 |
_a1010
_bLexile |
|
| 521 | 8 |
_aZ
_bRaz-Plus |
|
| 650 |
_2Time machine _aScience fiction |
||
| 650 |
_2Adapted version _aFic Wel |
||
| 942 |
_2ddc _cBK _n0 |
||
| 999 |
_c6072 _d6072 |
||